Statistical analysis with software applications / (Record no. 33)

MARC details
000 -LEADER
fixed length control field 00671nam a22002057a 4500
003 - CONTROL NUMBER IDENTIFIER
control field OSt
005 - DATE AND TIME OF LATEST TRANSACTION
control field 20250808023416.0
008 - FIXED-LENGTH DATA ELEMENTS--GENERAL INFORMATION
fixed length control field 240516b |||||||| |||| 00| 0 eng d
020 ## - INTERNATIONAL STANDARD BOOK NUMBER
International Standard Book Number 9786210446661
040 ## - CATALOGING SOURCE
Original cataloging agency DWC-Mian lib
Transcribing agency OC
082 ## - DEWEY DECIMAL CLASSIFICATION NUMBER
Classification number Fil. 005.5 R621s 2023
100 ## - MAIN ENTRY--PERSONAL NAME
Personal name Rivero, John Paolo R.
245 ## - TITLE STATEMENT
Title Statistical analysis with software applications /
Statement of responsibility, etc. John Paolo R. Rivero
250 ## - EDITION STATEMENT
Edition statement First edition.
260 ## - PUBLICATION, DISTRIBUTION, ETC.
Place of publication, distribution, etc. Manila, Philippines :
Name of publisher, distributor, etc. Rex book store,
Date of publication, distribution, etc. c2023.
300 ## - PHYSICAL DESCRIPTION
Extent xix, 323 pages :
Other physical details illustrations ;
Dimensions 26cm.
504 ## - BIBLIOGRAPHY, ETC. NOTE
Bibliography, etc. note Includes appendices and index.
650 ## - SUBJECT ADDED ENTRY--TOPICAL TERM
Topical term or geographic name entry element 1. Statistical software.
942 ## - ADDED ENTRY ELEMENTS (KOHA)
Source of classification or shelving scheme Dewey Decimal Classification
Koha item type Book-Filipiniana
Suppress in OPAC No
Edition First edition
Call number prefix Fil.
952 ## - LOCATION AND ITEM INFORMATION (KOHA)
--
952 ## - LOCATION AND ITEM INFORMATION (KOHA)
--
Holdings
Withdrawn status Lost status Source of classification or shelving scheme Damaged status Not for loan Home library Current library Shelving location Date acquired Source of acquisition Cost, normal purchase price Total Checkouts Full call number Barcode Date last seen Copy number Price effective from Koha item type Uniform Resource Identifier
    Dewey Decimal Classification     College Library College Library Filipiniana 02/29/2024 School Fund 450.00   Fil. 005.5 R621s 2023 CL54081 05/16/2024 c1 05/16/2024 BK - FIL
    Dewey Decimal Classification     College Library College Library Filipiniana 02/29/2024 School Fund 450.00   Fil. 005.5 R621s 2023 CL54082 05/16/2024 c1 05/16/2024 BK - FIL